Statistics for Short Term Memory Test - African Countries

Click here to take the quiz!

General Stats

  • This quiz has been taken 399 times
  • The average score is 8 of 10

Answer Stats

Country% Correct
D. R. Congo
100%
Rep. of the Congo
93%
Benin
92%
Egypt
92%
Sudan
90%
Mauritius
85%
Rwanda
85%
Algeria
84%
Kenya
83%
Nigeria
83%
South Africa
83%
Central African
Republic
82%
Eswatini
82%
Guinea-Bissau
81%
Burkina Faso
80%
South Sudan
80%
Cameroon
79%
São Tomé and
Príncipe
79%
Seychelles
79%
Zambia
79%
Ivory Coast
78%
Mauritania
78%
Libya
77%
Ethiopia
76%
Ghana
76%
Mozambique
76%
Niger
76%
Togo
75%
Malawi
74%
Chad
73%
Djibouti
73%
Sierra Leone
73%
Guinea
71%
Gabon
69%
Gambia
69%
Mali
69%
Senegal
69%
Tunisia
69%
Burundi
68%
Namibia
68%
Comoros
67%
Eritrea
67%
Uganda
67%
Lesotho
65%
Madagascar
65%
Botswana
64%
Liberia
63%
Somalia
63%
Angola
62%
Tanzania
61%
Cape Verde
58%
Morocco
57%
Zimbabwe
56%
Equatorial Guinea
50%

Score Distribution

Percentile by Number Answered

Percent of People with Each Score

Your Score History

You have not taken this quiz